| 000 | 00825nam a22002175i 4500 | ||
|---|---|---|---|
| 001 | 178213 | ||
| 003 | ES-MaACL | ||
| 005 | 20250827100435.0 | ||
| 008 | 110523s1968 sp |||| | spa d | ||
| 080 | _a725.96(510) | ||
| 080 | _a904(354) | ||
| 245 | 0 | 3 | _aLa Gran Muralla de China y la grandiosa urbe babilónica. |
| 260 |
_aMadrid : _bDelblan, _c[1968] |
||
| 300 |
_a16 p. ; _c16 cm. |
||
| 490 | 1 |
_aMosaico cultural: colección de temas instructivos ; _v1. Maravillas del universo ; _v4 |
|
| 651 | 4 |
_aGran Muralla China. _9146671 |
|
| 651 | 4 |
_aBabilonia (Ciudad desaparecida) _9146672 |
|
| 830 | 1 | 0 |
_aMosaico cultural: colección de temas instructivos _v1. Maravillas del universo ; _v4 _9190806 |
| 852 |
_aES-MaACL _jE-15188 (4) _xOlim P-1923 _z- Enc. con otros títulos |
||
| 999 |
_c178213 _d178213 |
||